<?xml version="1.0" encoding="UTF-8"?>
<record
    xmlns:xsi="http://www.w3.org/2001/XMLSchema-instance"
    xsi:schemaLocation="http://www.loc.gov/MARC21/slim http://www.loc.gov/standards/marcxml/schema/MARC21slim.xsd"
    xmlns="http://www.loc.gov/MARC21/slim">

  <leader>01103nam a22002057a 4500</leader>
  <controlfield tag="003">OSt</controlfield>
  <controlfield tag="005">20231212104651.0</controlfield>
  <controlfield tag="008">231121s2017    ag ||||| |||| 00| 1 spa d</controlfield>
  <datafield tag="020" ind1=" " ind2=" ">
    <subfield code="a">9789877022407</subfield>
  </datafield>
  <datafield tag="040" ind1=" " ind2=" ">
    <subfield code="c">besoc</subfield>
  </datafield>
  <datafield tag="100" ind1="1" ind2=" ">
    <subfield code="a">Riestra, Jorge,</subfield>
    <subfield code="d">(1926-2016),</subfield>
    <subfield code="e">autor</subfield>
  </datafield>
  <datafield tag="245" ind1="1" ind2="3">
    <subfield code="a">El taco de &#xE9;bano /</subfield>
    <subfield code="c">Jorge Riestra</subfield>
  </datafield>
  <datafield tag="260" ind1=" " ind2=" ">
    <subfield code="a">Rosario :</subfield>
    <subfield code="b">UNR Editora,</subfield>
    <subfield code="c">2017</subfield>
  </datafield>
  <datafield tag="300" ind1=" " ind2=" ">
    <subfield code="a">174 p.</subfield>
  </datafield>
  <datafield tag="490" ind1="0" ind2=" ">
    <subfield code="a">Confingere</subfield>
  </datafield>
  <datafield tag="505" ind1="0" ind2=" ">
    <subfield code="a">Pr&#xF3;logo : un escritor moderno / Agust&#xED;n Alzari -- El taco de &#xE9;bano -- Los a&#xF1;os -- El &#xFA;ltimo verano -- Los viejos lugares.-</subfield>
  </datafield>
  <datafield tag="520" ind1=" " ind2=" ">
    <subfield code="a">Este libro compuesto de cuatro relatos condensa, tem&#xE1;tica y cualitativamente, toda la obra de Jorge Riestra: el culto a la amistad, el espacio del caf&#xE9; de billares, la nostalgia del barrio y las fogatas, el deslumbramiento por las luces de la ciudad vista desde lejos. Las &#xE9;pocas mueren como las personas, dice Riestra, que reconstruy&#xF3; un mundo para que, a trav&#xE9;s de ese artificio que llamamos literatura, sobreviva. [Nota del editor]</subfield>
  </datafield>
  <datafield tag="650" ind1=" " ind2="4">
    <subfield code="a">Literatura argentina</subfield>
    <subfield code="v">Cuentos</subfield>
    <subfield code="y">Siglo XXI</subfield>
    <subfield code="x">Colecci&#xF3;n local</subfield>
  </datafield>
  <datafield tag="942" ind1=" " ind2=" ">
    <subfield code="2">udc</subfield>
    <subfield code="c">OG</subfield>
    <subfield code="n">0</subfield>
  </datafield>
  <datafield tag="999" ind1=" " ind2=" ">
    <subfield code="c">150</subfield>
    <subfield code="d">150</subfield>
  </datafield>
  <datafield tag="952" ind1=" " ind2=" ">
    <subfield code="0">0</subfield>
    <subfield code="1">0</subfield>
    <subfield code="2">udc</subfield>
    <subfield code="4">0</subfield>
    <subfield code="7">0</subfield>
    <subfield code="8">CG</subfield>
    <subfield code="a">ESOCIALES</subfield>
    <subfield code="b">ESOCIALES</subfield>
    <subfield code="d">2023-12-12</subfield>
    <subfield code="l">0</subfield>
    <subfield code="o">82-34(821.6) R562</subfield>
    <subfield code="p">000179</subfield>
    <subfield code="r">2023-12-12 00:00:00</subfield>
    <subfield code="w">2023-12-12</subfield>
    <subfield code="y">OG</subfield>
  </datafield>
</record>
